00898 2200349 4500001002100000005001700021006001900038008004100057020002200098035002500120090001600145100001700161245004300178260003800221990001700259990001700276990001700293990001700310990001700327990001700344990001700361990001700378990001700395990001700412990001700429990001700446990001700463990001700480990001700497990001700514990001700531INLIS00000000000839920150701154148.0a ||| | 180719| ||| |  a978-979-29-3511-0 a0010-081300000000036 a005.113 - s0 aNikodemus WK00aSTEP BY STEP MENJADI PROGRAMER ANDROID aYogyakartabANDI Yogyakartac2013 a8564/PN/2013 a8922/PN/2013 a8564/PN/2013 a0519/PC/2015 a0520/PC/2015 a8922/PN/2013 a8564/PN/2013 a0519/PC/2015 a0520/PC/2015 a0520/PC/2015 a8564/PN/2013 a8922/PN/2013 a0519/PC/2015 a0520/PC/2015 a8564/PN/2013 a8922/PN/2013 a0519/PC/2015